000 00531nam a2200193 i 4500
001 149228
003 ES-MaACL
005 20230906203016.0
007 t|
008 071019s1940 sp ||||1| spa d
100 1 _aVegas, Miguel.
_9113643
245 1 0 _aGeometría analítica /
_cpor Miguel Vegas.
250 _a4ª ed.
260 _aMadrid :
_bVictoriano Suárez,
_c1940.
300 _aXVI, 697 p. :
_bil. ;
_c23 cm.
650 4 _aGeometría analítica.
_913100
852 _aES-MaACL
_jB-9803
852 _aES-MaACL
_jA-1373
999 _c149228
_d149228